The complete Reference Firewalls (Record no. 23137)

000 -LEADER
fixed length control field 00310nam a22001217a 4500
020 ## - INTERNATIONAL STANDARD BOOK NUMBER
International Standard Book Number 0070583110
082 ## - DEWEY DECIMAL CLASSIFICATION NUMBER
Classification number 005.8FIR
100 ## - MAIN ENTRY--PERSONAL NAME
Personal name Strassberg, Keith E. & Richard j. Gondek & Gary Rollie
245 ## - TITLE STATEMENT
Title The complete Reference Firewalls
260 ## - PUBLICATION, DISTRIBUTION, ETC.
Place of publication, distribution, etc. India
Name of publisher, distributor, etc. Tata McGraw-Hill
Date of publication, distribution, etc. 2003
300 ## - PHYSICAL DESCRIPTION
Extent 944
Other physical details PB
942 ## - ADDED ENTRY ELEMENTS (KOHA)
Koha item type Book
Holdings
Withdrawn status Lost status Damaged status Not for loan Collection code Permanent Location Current Location Shelving location Date acquired Cost, normal purchase price Full call number Barcode Date last seen Price effective from Koha item type
          NUST Baluchistan Campus (NBC) NUST Baluchistan Campus (NBC) General Stacks 03/01/2013 846.00 005.8STR RCMS000074 03/01/2013 01/05/2017 Book
© 2023 Central Library, National University of Sciences and Technology. All Rights Reserved.